Sathya Sai Parenting (Record no. 208903)

MARC details
000 -LEADER
fixed length control field 00536nam a22001697a 4500
010 ## - LCCN (DPL NO)
LC control number ENG-143685
020 ## - INTERNATIONAL STANDARD BOOK NUMBER
Terms of availability 65.00
International Standard Book Number 9788172088767
035 ## - SYSTEM CONTROL NUMBER
System control number EN-127217
037 ## - SOURCE OF ACQUISITION
Source of stock number/acquisition DBAD/PUB
082 ## - DEWEY DECIMAL CLASSIFICATION NUMBER
Classification number 230.35
Edition number 1
100 ## - MAIN ENTRY--PERSONAL NAME
Personal name Rita Bruce
245 ## - TITLE STATEMENT
Title Sathya Sai Parenting
Statement of responsibility, etc Rita Bruce
Medium English
260 ## - PUBLICATION, DISTRIBUTION, ETC. (IMPRINT)
Place of publication, distribution, etc INIDIA
Name of publisher, distributor, etc Sai Sathya sadhana Trust
Date of publication, distribution, etc 2012
270 ## - ADDRESS
Address Prasanthi Nilayam, P.O. 515 134. Anantapur Dist. A.P. india
City Anantapur
Postal code 515134
300 ## - PHYSICAL DESCRIPTION
Extent 275p;
Dimensions 22CM(pbk)
942 ## - ADDED ENTRY ELEMENTS (KOHA)
Item type English Books
Classification part 230.35
Source of classification or shelving scheme Dewey Decimal Classification
Call number suffix Bru
Holdings
Withdrawn status Lost status Not for loan Collection code Home library Current library Date acquired Source of acquisition Cost, normal purchase price Full call number Barcode Copy number Cost, replacement price Koha item type
      Non-fiction D.B.Act.Division D.B.Act.Division 31/01/2025 DBAD 65.00 230.35 Bru EN-127217 1 65.00 English Books

© Delhi Public Library
Hit Counter
free hit counter